[Event "I C.to Italiano U21"]
[Site "Rimini ITA"]
[Date "1993.09.??"]
[Round "3"]
[White "Bartolini, Tommaso"]
[Black "Vincenzi, Marco"]
[WhiteElo "2095"]
[BlackElo "1615"]
[Result "1-0"]
[PlyCount "61"]
[EventDate "1993.09.07"]

1. d4 d5 2. Nf3 Nf6 3. c4 c6 4. Nc3 dxc4 5. a4 Bg4 6. Ne5 Bh5 7. h3 Nbd7 8. g4
Bg6 9. Nxc4 e6 10. Bg2 Bb4 11. O-O O-O 12. Bg5 Qc7 13. Bh4 Rad8 14. Qb3 Be7 15.
Bg3 Qc8 16. Rac1 Rfe8 17. Rfd1 Nb6 18. Nxb6 axb6 19. Qxb6 Nd5 20. Qb3 Bg5 21.
Nxd5 exd5 22. f4 Bf6 23. f5 Bg5 24. fxg6 Bxc1 25. gxf7+ Kxf7 26. Rxc1 Qe6 27.
Be5 Rd7 28. e4 Kg8 29. exd5 cxd5 30. Rc7 Rxc7 31. Bxd5 1-0

[Event "I C.to Italiano U21"]
[Site "Rimini ITA"]
[Date "1993.09.??"]
[Round "3"]
[White "Becca, Filippo"]
[Black "Buccoliero, Alessandro"]
[WhiteElo "1768"]
[BlackElo "1600"]
[Result "1/2-1/2"]
[PlyCount "68"]
[EventDate "1993.09.07"]

1. e4 e6 2. d4 d5 3. exd5 exd5 4. Bd3 Bd6 5. Qf3 Ne7 6. Ne2 Nbc6 7. c3 Be6 8.
Bf4 O-O 9. Nd2 Ng6 10. Bg3 Qd7 11. h3 Nce7 12. O-O Rae8 13. Rfe1 c6 14. Nf1 Nc8
15. Ne3 Re7 16. Nf4 Nxf4 17. Bxf4 Bxf4 18. Qxf4 Qd6 19. Qh4 g6 20. Re2 Rfe8 21.
Rae1 Bd7 22. Ng4 Bxg4 23. Qxg4 Rxe2 24. Rxe2 Qd8 25. Rxe8+ Qxe8 26. Qe2 Qxe2
27. Bxe2 Nd6 28. f3 f5 29. g3 Kf7 30. Bd3 Kf6 31. Kf2 b5 32. b3 h6 33. Ke3 g5
34. g4 f4+ 1/2-1/2

[Event "I C.to Italiano U21"]
[Site "Rimini ITA"]
[Date "1993.09.??"]
[Round "3"]
[White "Cartegni, Emanuele"]
[Black "Pichler, Michael"]
[WhiteElo "1543"]
[BlackElo "1633"]
[Result "1/2-1/2"]
[PlyCount "108"]
[EventDate "1993.09.07"]

1. e4 c6 2. d4 d5 3. Nd2 dxe4 4. Nxe4 Nf6 5. Nxf6+ exf6 6. Nf3 Bd6 7. Bd3 O-O
8. O-O Bg4 9. c3 Nd7 10. Bc2 Re8 11. Qd3 Nf8 12. h3 Be6 13. Be3 Qd7 14. Rfe1
Re7 15. Re2 Rae8 16. b3 Bxh3 17. gxh3 Qxh3 18. Qf5 Qxf5 19. Bxf5 g5 20. Kg2 Ng6
21. Ree1 Kg7 22. Bd2 h5 23. Rxe7 Nxe7 24. Re1 Rh8 25. Bc2 h4 26. Kh3 Kh6 27. c4
c5 28. d5 Kh5 29. Rg1 Rg8 30. Rg4 Nc8 31. Nxh4 Re8 32. Bd1 Kh6 33. Nf5+ Kh7 34.
Nxd6 Nxd6 35. Bc3 Kg6 36. Rg1 Ne4 37. Bc2 f5 38. Bxe4 fxe4 39. Re1 f5 40. b4
cxb4 41. Bxb4 b6 42. c5 bxc5 43. Bxc5 Rd8 44. d6 Rd7 45. Rc1 f4 46. Bb4 Kf5 47.
Rc7 Ke6 48. Rxd7 Kxd7 49. Kg2 a5 50. Bc5 Kc6 51. Ba3 g4 52. Bc5 Kd7 53. a4 Kc6
54. Kf1 Kd7 1/2-1/2

[Event "I C.to Italiano U21"]
[Site "Rimini ITA"]
[Date "1993.09.??"]
[Round "3"]
[White "Insabato, Giovanbattista"]
[Black "Gualtieri, Denis"]
[WhiteElo "1714"]
[BlackElo "1600"]
[Result "0-1"]
[PlyCount "62"]
[EventDate "1993.09.07"]

1. d4 Nf6 2. c4 e6 3. Nf3 d5 4. Nc3 Be7 5. Bg5 O-O 6. e3 b6 7. cxd5 Nxd5 8.
Bxe7 Qxe7 9. Rc1 Bb7 10. Bd3 Nd7 11. Nxd5 Bxd5 12. Rxc7 Rac8 13. Rxc8 Rxc8 14.
a3 Nf6 15. O-O Qb7 16. Qe2 Qc7 17. Nd2 Nd7 18. Nb1 Bb7 19. Nc3 Nf6 20. Rc1 e5
21. dxe5 Qxe5 22. f4 Qe6 23. Re1 Ne4 24. Nxe4 Bxe4 25. Rd1 g6 26. h3 Kg7 27.
Bxe4 Qxe4 28. Qd3 Qc6 29. e4 a5 30. e5 Qc5+ 31. Qd4 Rd8 0-1

[Event "I C.to Italiano U21"]
[Site "Rimini ITA"]
[Date "1993.09.??"]
[Round "3"]
[White "Isonzo, David"]
[Black "Farachi, Francesco"]
[WhiteElo "1911"]
[BlackElo "1777"]
[Result "1-0"]
[PlyCount "53"]
[EventDate "1993.09.07"]

1. e4 e5 2. Nf3 Nf6 3. d4 Nxe4 4. Bd3 d5 5. Nxe5 Bd6 6. O-O O-O 7. Nc3 Nxc3 8.
bxc3 Nd7 9. Re1 Bxe5 10. dxe5 Nc5 11. Bf1 f6 12. exf6 Qxf6 13. Qxd5+ Ne6 14.
Ba3 Qxf2+ 15. Kh1 c5 16. Bc4 Qf7 17. Rxe6 Bxe6 18. Qxe6 Qxe6 19. Bxe6+ Kh8 20.
Bxc5 Rf6 21. Bg4 b6 22. Bd4 Rf4 23. Bf3 Re8 24. a4 Re7 25. Kg1 h6 26. a5 b5 27.
a6 1-0

[Event "I C.to Italiano U21"]
[Site "Rimini ITA"]
[Date "1993.09.??"]
[Round "3"]
[White "Mascellani, Marco"]
[Black "De Palma, Fabrizio"]
[WhiteElo "1947"]
[BlackElo "1818"]
[Result "1/2-1/2"]
[PlyCount "93"]
[EventDate "1993.09.07"]

1. e4 d6 2. d4 Nf6 3. Bd3 e5 4. Ne2 Be7 5. O-O O-O 6. c3 Re8 7. Bg5 h6 8. Bh4
Nh5 9. Bxe7 Qxe7 10. Nd2 a6 11. Qb3 Nc6 12. Rae1 g5 13. Bb1 Nd8 14. Rd1 Be6 15.
Qc2 Bg4 16. f3 Bc8 17. Rf2 Ne6 18. Nf1 Nef4 19. Nfg3 Ng7 20. Nf5 Qf6 21. Nxf4
gxf4 22. g4 fxg3 23. hxg3 Bxf5 24. exf5 Re7 25. d5 Nh5 26. Rh2 Ng7 27. Qe4 Ne8
28. Rh4 Qh8 29. Qe3 f6 30. Rxh6 Rh7 31. Rxh7 Qxh7 32. Kg2 Kf7 33. Rh1 Qg7 34.
Rh4 b6 35. Bd3 Ke7 36. Ra4 Qf7 37. Qe4 a5 38. Qc4 Rd8 39. Qc6 Kf8 40. Bb5 Ng7
41. g4 Ne8 42. Qb7 Qg7 43. Bxe8 Rxe8 44. Re4 Re7 45. Qa6 Qg5 46. Qe2 Rh7 47.
Qa6 1/2-1/2

[Event "I C.to Italiano U21"]
[Site "Rimini ITA"]
[Date "1993.09.??"]
[Round "3"]
[White "Previati, Marco"]
[Black "Sardo, Andrea"]
[WhiteElo "2031"]
[BlackElo "1758"]
[Result "1-0"]
[PlyCount "69"]
[EventDate "1993.09.07"]

1. e4 c6 2. d4 d5 3. exd5 cxd5 4. Bd3 Nc6 5. c3 Nf6 6. Bf4 Bg4 7. Qb3 Qd7 8.
Nd2 e6 9. Ngf3 Be7 10. O-O O-O 11. Qc2 Bf5 12. Bxf5 exf5 13. Ne5 Nxe5 14. dxe5
Nh5 15. Be3 f4 16. Bd4 f6 17. Rad1 fxe5 18. Bxe5 Bf6 19. Bxf6 Nxf6 20. Rfe1
Rfe8 21. Nf3 Rxe1+ 22. Rxe1 Re8 23. Qd2 Qf5 24. Nd4 Rxe1+ 25. Qxe1 Qe4 26. Qxe4
Nxe4 27. Ne6 g5 28. f3 Kf7 29. Nd8+ Ke7 30. fxe4 Kxd8 31. exd5 g4 32. h3 h5 33.
hxg4 hxg4 34. c4 b6 35. b4 1-0

[Event "I C.to Italiano U21"]
[Site "Rimini ITA"]
[Date "1993.09.??"]
[Round "3"]
[White "Schacher, Gerd"]
[Black "Redo, Nicola"]
[Result "1/2-1/2"]
[WhiteElo "1959"]
[BlackElo "2210"]
[PlyCount "91"]
[EventDate "1993.09.07"]

1. c4 c5 2. Nc3 Nc6 3. g3 g6 4. Bg2 Bg7 5. Nf3 d6 6. O-O e5 7. d3 Nge7 8. Rb1
O-O 9. a3 h6 10. b4 f5 11. Qc2 Nd4 12. Nxd4 cxd4 13. Nd5 Be6 14. e3 dxe3 15.
fxe3 Qd7 16. Bb2 Rfc8 17. Qd2 Bxd5 18. cxd5 Rc7 19. Rbc1 Rac8 20. Rxc7 Rxc7 21.
e4 Qc8 22. Rc1 Kf7 23. Bh3 Rxc1+ 24. Qxc1 Qxc1+ 25. Bxc1 h5 26. b5 Bf6 27. Be3
a6 28. bxa6 bxa6 29. Kf2 Ke8 30. Ke2 Kd8 31. Kd1 Kc7 32. Kc2 h4 33. Kb3 hxg3
34. hxg3 Kb7 35. Kb4 Kc7 36. Ka5 Kb7 37. a4 f4 38. Bf2 fxg3 39. Bxg3 Bg5 40.
Kb4 Be3 41. Be6 g5 42. Kc4 Nc8 43. Be1 Ne7 44. Bb4 Kc7 45. Ba5+ Kb7 46. Bb4
1/2-1/2

[Event "I C.to Italiano U21"]
[Site "Rimini ITA"]
[Date "1993.09.??"]
[Round "3"]
[White "Stradiotti, Alessandro"]
[Black "Marcacci, Giorgio"]
[WhiteElo "1600"]
[BlackElo "1900"]
[Result "0-1"]
[PlyCount "137"]
[EventDate "1993.09.07"]

1. d4 Nf6 2. c4 g6 3. Nc3 Bg7 4. g3 d6 5. Bg2 O-O 6. Nf3 a5 7. O-O Nbd7 8. Re1
Nb6 9. b3 Bd7 10. Rb1 a4 11. Nd2 Bc6 12. d5 Bd7 13. Bb2 Qc8 14. b4 Bh3 15. Bh1
e6 16. Qc1 e5 17. Nb5 h5 18. e4 Qd7 19. a3 Bh6 20. Re2 h4 21. Qc2 hxg3 22. hxg3
Kg7 23. Qd3 Bxd2 24. Rxd2 Rae8 25. c5 Nc8 26. Rc2 Rh8 27. f3 Nh5 28. Kf2 dxc5
29. bxc5 c6 30. Nc3 cxd5 31. Qxd5 Nf6 32. Qxd7 Bxd7 33. Rd2 Rh2+ 34. Bg2 Be6
35. Rbd1 Na7 36. Nd5 Nb5 37. Rh1 Rxh1 38. Bxh1 Nd7 39. Rc2 f6 40. Bg2 Bxd5 41.
exd5 Rc8 42. c6 Nb8 43. f4 exf4 44. gxf4 bxc6 45. dxc6 Na7 46. c7 Na6 47. Bd4
Nb5 48. Bb6 Naxc7 49. Bf1 Rh8 50. Bxc7 Nxa3 51. Ra2 Nb5 52. Bb6 Nc3 53. Ra3
Ne4+ 54. Ke3 Re8 55. Kd4 Nd6 56. Kd5 Ne4 57. Bd3 Nd2 58. Rxa4 Rb8 59. Bd4 Rd8+
60. Kc5 Nb3+ 61. Kc4 Nxd4 62. Kc3 Nf3 63. Be2 Nd2 64. Rd4 Nb1+ 65. Kd3 Rc8 66.
Rd7+ Kh6 67. Rd6 Rc3+ 68. Kd4 Rg3 69. Bd3 0-1

[Event "I C.to Italiano U21"]
[Site "Rimini ITA"]
[Date "1993.09.??"]
[Round "4"]
[White "Bednarich, Jan"]
[Black "Cartegni, Emanuele"]
[WhiteElo "1812"]
[BlackElo "1543"]
[Result "1-0"]
[PlyCount "53"]
[EventDate "1993.09.07"]

1. d4 d5 2. c4 c6 3. Nf3 Nf6 4. Nc3 dxc4 5. a4 Nd5 6. e4 Nxc3 7. bxc3 b5 8. g3
e6 9. Bg2 Nd7 10. O-O Nf6 11. axb5 cxb5 12. d5 Bb7 13. Bg5 Be7 14. Bxf6 gxf6
15. Nd4 exd5 16. exd5 Qd7 17. Re1 Bxd5 18. Bxd5 Qxd5 19. Qe2 Qe5 20. Qf3 Qb8
21. Qxf6 O-O 22. Rxe7 Qb6 23. Qe5 a6 24. Re1 Rad8 25. Ne6 f6 26. Qh5 Rd2 27.
Qxh7# 1-0

[Event "I C.to Italiano U21"]
[Site "Rimini ITA"]
[Date "1993.09.??"]
[Round "4"]
[White "Buccoliero, Alessandro"]
[Black "Nieus, Thierry"]
[WhiteElo "1600"]
[BlackElo "1905"]
[Result "1/2-1/2"]
[PlyCount "84"]
[EventDate "1993.09.07"]

1. e4 d6 2. Bc4 Nf6 3. Nc3 g6 4. d3 Bg7 5. f4 c6 6. Bb3 Nbd7 7. Nf3 O-O 8. a4
Nc5 9. Be3 Nxb3 10. cxb3 c5 11. O-O Ng4 12. Bd2 f5 13. h3 Nf6 14. Qc2 b6 15.
Rae1 e6 16. Kh2 Bb7 17. Ng5 Qd7 18. exf5 exf5 19. Ne6 Rfe8 20. Nxg7 Kxg7 21.
Rf2 d5 22. Rfe2 d4 23. Nb5 Qc6 24. Bc1 Rxe2 25. Rxe2 Nd5 26. Na3 Nb4 27. Qd1
Re8 28. Rf2 Ba6 29. Nc4 Bxc4 30. bxc4 Qe6 31. Kg3 Qe1 32. Qxe1 Rxe1 33. Bd2 Rd1
34. Bxb4 Rxd3+ 35. Rf3 Rxf3+ 36. Kxf3 cxb4 37. Ke2 Kf6 38. Kd3 Ke6 39. Kxd4 Kd6
40. b3 h5 41. h4 a6 42. g3 a5 1/2-1/2

[Event "I C.to Italiano U21"]
[Site "Rimini ITA"]
[Date "1993.09.??"]
[Round "4"]
[White "De Palma, Fabrizio"]
[Black "Insabato, Giovanbattista"]
[WhiteElo "1818"]
[BlackElo "1714"]
[Result "1-0"]
[PlyCount "38"]
[EventDate "1993.09.07"]

1. e4 c5 2. Nf3 e6 3. d4 cxd4 4. Nxd4 Nf6 5. Nc3 d6 6. Be2 Nc6 7. Be3 Be7 8.
O-O O-O 9. f4 a6 10. Qe1 Bd7 11. Qg3 Nxd4 12. Bxd4 Qc7 13. e5 dxe5 14. fxe5 Bc5
15. Bxc5 Qxc5+ 16. Kh1 Ne8 17. Ne4 Qc7 18. Bd3 Bc6 19. Ng5 g6 1-0

[Event "I C.to Italiano U21"]
[Site "Rimini ITA"]
[Date "1993.09.??"]
[Round "4"]
[White "Farachi, Francesco"]
[Black "Becca, Filippo"]
[WhiteElo "1777"]
[BlackElo "1768"]
[Result "1-0"]
[PlyCount "89"]
[EventDate "1993.09.07"]

1. e4 c6 2. d4 d5 3. exd5 cxd5 4. Bd3 Nc6 5. c3 g6 6. Nf3 Nh6 7. Bf4 Bf5 8. O-O
Bg7 9. Re1 O-O 10. Qd2 Bxd3 11. Bxh6 Bf5 12. Bxg7 Kxg7 13. Nh4 Bd7 14. Qf4 f6
15. Nf3 e5 16. dxe5 fxe5 17. Qg3 e4 18. Nd4 Nxd4 19. cxd4 Qf6 20. Nc3 Bc6 21.
Rad1 Rf7 22. Re3 Raf8 23. Rd2 b5 24. a3 a5 25. b4 axb4 26. axb4 Ra8 27. Rd1
Rfa7 28. Ree1 Ra3 29. Rc1 h5 30. Qc7+ Kh6 31. Nxe4 dxe4 32. Rxc6 Ra1 33. Rec1
Rxc1+ 34. Rxc1 Ra2 35. Qg3 Rb2 36. h4 Rxb4 37. Rc7 Qf5 38. Qe3+ g5 39. hxg5+
Kg6 40. Rc6+ Kg7 41. d5 Rb1+ 42. Kh2 Qe5+ 43. g3 Qa1 44. Rc7+ Kg8 45. Qxe4 1-0

[Event "I C.to Italiano U21"]
[Site "Rimini ITA"]
[Date "1993.09.??"]
[Round "4"]
[White "Giordani, Marco"]
[Black "Aldrovandi, Antonio"]
[WhiteElo "1947"]
[BlackElo "2040"]
[Result "0-1"]
[PlyCount "96"]
[EventDate "1993.09.07"]

1. e4 c5 2. Nf3 e6 3. d3 d5 4. Nbd2 Nc6 5. g3 Bd6 6. Bg2 Nge7 7. O-O O-O 8. Re1
Qc7 9. Qe2 Ng6 10. h4 f6 11. h5 Nge7 12. exd5 exd5 13. Nh4 Bd7 14. c3 Rae8 15.
Nf1 d4 16. Qd1 Kh8 17. Ng6+ Nxg6 18. hxg6 hxg6 19. Bd2 Bf5 20. Bd5 Rxe1 21.
Bxe1 Ne5 22. f4 Ng4 23. Qf3 Nh6 24. Rb1 b6 25. Bf2 dxc3 26. bxc3 g5 27. fxg5
fxg5 28. Be4 Bxe4 29. Qxe4 Qf7 30. Rb2 Qf6 31. d4 cxd4 32. cxd4 Nf5 33. Be3 Nh6
34. Rf2 Qe7 35. Rxf8+ Qxf8 36. Bxg5 Nf7 37. Bf4 Bxf4 38. Qxf4 Kg8 39. Ne3 Qd6
40. Qxd6 Nxd6 41. Kg2 Kf7 42. Kf3 Ke6 43. a4 Nf5 44. Nc2 Kd5 45. Nb4+ Kc4 46.
Na6 Nxd4+ 47. Ke4 Nb3 48. Nb8 Nc5+ 0-1

[Event "I C.to Italiano U21"]
[Site "Rimini ITA"]
[Date "1993.09.??"]
[Round "4"]
[White "Gualtieri, Denis"]
[Black "Mascellani, Marco"]
[WhiteElo "1600"]
[BlackElo "1947"]
[Result "0-1"]
[PlyCount "60"]
[EventDate "1993.09.07"]

1. d4 Nf6 2. c4 c5 3. Nf3 cxd4 4. Nxd4 Nc6 5. e3 g6 6. Nd2 Bg7 7. Be2 O-O 8.
N4b3 d5 9. cxd5 Nxd5 10. Bf3 Ne5 11. O-O Nb4 12. a3 Nbd3 13. Be4 Qb6 14. Bxd3
Nxd3 15. Nc4 Qd8 16. Qe2 e5 17. e4 Be6 18. Ncd2 Nf4 19. Qf3 h5 20. h3 f5 21.
Kh2 Qb6 22. Qe3 fxe4 23. Nc5 Nd5 24. Nc4 Nxe3 25. Nxb6 Nxf1+ 26. Kg1 Rae8 27.
Nxe6 Rxe6 28. Nc4 Rc6 29. Na5 Rc2 30. Kxf1 Rfxf2+ 0-1

[Event "I C.to Italiano U21"]
[Site "Rimini ITA"]
[Date "1993.09.??"]
[Round "4"]
[White "Isonzo, David"]
[Black "Pichler, Michael"]
[WhiteElo "1911"]
[BlackElo "1633"]
[Result "1-0"]
[PlyCount "123"]
[EventDate "1993.09.07"]

1. e4 c6 2. Nc3 d5 3. Nf3 Bg4 4. h3 Bxf3 5. Qxf3 e6 6. d3 Nf6 7. Bd2 Bb4 8. a3
Bc5 9. e5 Nfd7 10. Qg3 g6 11. h4 Qc7 12. f4 h5 13. Be2 Na6 14. Qf3 O-O-O 15. b4
Bd4 16. Rb1 Nb6 17. Na2 Nd7 18. c3 Bb6 19. a4 Qb8 20. d4 Bc7 21. b5 cxb5 22.
axb5 Nac5 23. dxc5 Nxc5 24. Be3 Ne4 25. Bd3 Nxc3 26. Nxc3 d4 27. Ne4 dxe3 28.
Qxe3 Kd7 29. Nf6+ Ke7 30. Qc5+ Bd6 31. exd6+ Qxd6 32. Ne4 Qxc5 33. Nxc5 b6 34.
Ra1 bxc5 35. Rxa7+ Kf6 36. Ke2 Rhe8 37. Rf1 Rd6 38. Rc7 Red8 39. Rf3 Rd4 40. b6
c4 41. Bxc4 Rd2+ 42. Ke3 Rxg2 43. b7 Rb8 44. Ba6 Rb2 45. Rc8 R2xb7 46. Bxb7
Rxb7 47. Kf2 Kf5 48. Kg3 Rb1 49. Rc5+ Kf6 50. Rc7 Rb5 51. Rd3 Rf5 52. Rdd7 Kg7
53. Re7 Kf8 54. Kf3 Rf6 55. Ke4 Rf5 56. Red7 Kg7 57. Rd6 Kf6 58. Rdc6 Rb5 59.
Rc4 Kg7 60. R4c5 Rb1 61. Rd7 Re1+ 62. Kf3 1-0

[Event "I C.to Italiano U21"]
[Site "Rimini ITA"]
[Date "1993.09.??"]
[Round "4"]
[White "Maio, Matteo"]
[Black "Schacher, Gerd"]
[WhiteElo "1600"]
[BlackElo "1959"]
[Result "1/2-1/2"]
[PlyCount "57"]
[EventDate "1993.09.07"]

1. e4 c5 2. Nf3 d6 3. d4 cxd4 4. Nxd4 Nf6 5. Nc3 a6 6. Be2 e5 7. Nb3 Be7 8. O-O
O-O 9. Be3 Be6 10. f4 Qc7 11. f5 Bc4 12. Bxc4 Qxc4 13. Nd2 Qc6 14. Qf3 b5 15.
a3 Rd8 16. g4 d5 17. g5 d4 18. gxf6 Bxf6 19. Nd5 dxe3 20. Qxe3 Nd7 21. Rac1 Nc5
22. c4 Rac8 23. cxb5 Qxb5 24. Nxf6+ gxf6 25. Qh6 Nd3 26. Rxc8 Rxc8 27. Kh1 Rc1
28. Rxc1 Nxc1 29. Qxf6 1/2-1/2

[Event "I C.to Italiano U21"]
[Site "Rimini ITA"]
[Date "1993.09.??"]
[Round "4"]
[White "Marcacci, Giorgio"]
[Black "Previati, Marco"]
[WhiteElo "1900"]
[BlackElo "2031"]
[Result "0-1"]
[PlyCount "94"]
[EventDate "1993.09.07"]

1. e4 c5 2. Nf3 Nc6 3. d4 cxd4 4. Nxd4 Nf6 5. Nc3 e5 6. Ndb5 d6 7. Bg5 a6 8.
Na3 b5 9. Bxf6 gxf6 10. Nd5 Bg7 11. Qd2 Bb7 12. Ne3 Ne7 13. Bxb5+ axb5 14. Nxb5
O-O 15. Nxd6 Bc6 16. Rd1 Nc8 17. Qc3 Qa5 18. b4 Qa4 19. Nef5 Nxd6 20. Nxd6 Rfb8
21. a3 Bd7 22. Rd3 Qc6 23. Qd2 Be6 24. O-O Rd8 25. Rd1 Bf8 26. b5 Qc5 27. Nf5
Rxd3 28. Qxd3 Bxf5 29. exf5 Qxa3 30. Qe2 Qb2 31. h3 Ra1 32. Rxa1 Qxa1+ 33. Kh2
Qd4 34. c4 Bc5 35. Kg1 Qf4 36. Qg4+ Qxg4 37. hxg4 Kf8 38. Kf1 Ke7 39. Ke2 Kd6
40. f3 Bd4 41. Kd3 Kc5 42. Ke4 Kxc4 43. f4 exf4 44. Kxf4 Be5+ 45. Ke4 h6 46. b6
Kc5 47. b7 Kc6 0-1

[Event "I C.to Italiano U21"]
[Site "Rimini ITA"]
[Date "1993.09.??"]
[Round "4"]
[White "Sardo, Andrea"]
[Black "Stradiotti, Alessandro"]
[WhiteElo "1758"]
[BlackElo "1600"]
[Result "1-0"]
[PlyCount "61"]
[EventDate "1993.09.07"]

1. d4 Nf6 2. c4 g6 3. Nc3 d5 4. Nf3 Bg7 5. Qb3 dxc4 6. Qxc4 O-O 7. e4 b6 8. Qb3
Nc6 9. e5 Ng4 10. Qd1 Nb4 11. a3 Nd5 12. Bc4 Bb7 13. Qb3 e6 14. Bg5 f6 15. exf6
Ngxf6 16. O-O h6 17. Bh4 g5 18. Bg3 c6 19. Rfe1 Bc8 20. Rad1 Ne8 21. Ne5 Bd7
22. Qc2 Nd6 23. Nxd7 Qxd7 24. Ba2 Nf5 25. Be5 Bxe5 26. dxe5 Rac8 27. Ne4 Kg7
28. Nf6 Qf7 29. g4 Nxf6 30. exf6+ Qxf6 31. gxf5 1-0

[Event "I C.to Italiano U21"]
[Site "Rimini ITA"]
[Date "1993.09.??"]
[Round "4"]
[White "Tencati, Giuseppe"]
[Black "Avenali, Giuseppe"]
[WhiteElo "1735"]
[BlackElo "1723"]
[Result "1/2-1/2"]
[PlyCount "129"]
[EventDate "1993.09.07"]

1. Nf3 d5 2. d4 Nf6 3. c4 dxc4 4. Nc3 e6 5. Bg5 Be7 6. e4 O-O 7. Bxc4 c5 8. e5
Nfd7 9. Bf4 Nc6 10. d5 Nb6 11. b3 exd5 12. Nxd5 Bg4 13. O-O Nd4 14. Nxe7+ Qxe7
15. Qd3 Nxf3+ 16. gxf3 Rad8 17. Qe3 Nxc4 18. bxc4 Be6 19. Bg5 f6 20. exf6 gxf6
21. Bh6 Rfe8 22. Kh1 Bf5 23. Rg1+ Bg6 24. Qc3 Qe5 25. Qxe5 Rxe5 26. Rae1 Rxe1
27. Rxe1 Kf7 28. Be3 b6 29. a4 Bh5 30. a5 Bxf3+ 31. Kg1 Rg8+ 32. Kf1 Rg2 33.
Bf4 Rg4 34. Bc7 Rxc4 35. axb6 axb6 36. Bxb6 Rc2 37. Re3 Rc1+ 38. Re1 Rc2 39.
Re3 Bh5 40. Kg2 c4 41. Bd4 Be2 42. Kg3 Bd3 43. Rf3 f5 44. Re3 Rc1 45. Kf4 Rg1
46. Rg3 Rxg3 47. hxg3 Ke6 48. Ke3 Kd5 49. Bc3 Bb1 50. Bb2 Kc5 51. Bc3 Kb5 52.
Kd2 Ka4 53. f4 Kb5 54. Ke3 Kc5 55. Kd2 Bd3 56. Ke3 Kd5 57. Bd4 Ke6 58. Bc3 Kf7
59. Be5 Kg6 60. Kf2 Kh5 61. Kg2 Kg4 62. Bd4 Be4+ 63. Kf2 h5 64. Be5 Bh1 65. Bf6
1/2-1/2

[Event "I C.to Italiano U21"]
[Site "Rimini ITA"]
[Date "1993.09.??"]
[Round "4"]
[White "Vincenzi, Marco"]
[Black "Agostani, Andrea"]
[WhiteElo "1615"]
[BlackElo "2053"]
[Result "0-1"]
[PlyCount "50"]
[EventDate "1993.09.07"]

1. e4 Nf6 2. e5 Nd5 3. d4 d6 4. c4 Nb6 5. f4 dxe5 6. fxe5 c5 7. d5 e6 8. Nc3
exd5 9. cxd5 c4 10. Nf3 Bg4 11. Be2 Bc5 12. Bd2 O-O 13. Ne4 Qxd5 14. Qc2 Bxf3
15. Bxf3 Qxe5 16. O-O-O Nc6 17. Nxc5 Qxc5 18. Bc3 Nb4 19. Bxb4 Qxb4 20. Rd4
Rad8 21. Rh4 g6 22. Bxb7 Rfe8 23. Bf3 Re1+ 24. Rxe1 Qxe1+ 25. Bd1 Qxh4 0-1

[Event "I C.to Italiano U21"]
[Site "Rimini ITA"]
[Date "1993.09.??"]
[Round "5"]
[White "Agostani, Andrea"]
[Black "Giordani, Marco"]
[WhiteElo "2053"]
[BlackElo "1947"]
[Result "0-1"]
[PlyCount "74"]
[EventDate "1993.09.07"]

1. d4 Nf6 2. c4 e6 3. Nc3 Bb4 4. e3 b6 5. Nge2 Bb7 6. a3 Be7 7. f3 d5 8. cxd5
exd5 9. Ng3 O-O 10. Bd3 Re8 11. O-O Bf8 12. b4 c5 13. bxc5 bxc5 14. Bb5 Re6 15.
Kh1 Qc7 16. e4 cxd4 17. exd5 Qxc3 18. Bd2 Qc5 19. dxe6 Qxb5 20. exf7+ Kxf7 21.
Rb1 Qd5 22. Qc2 Na6 23. Ne4 Rc8 24. Qb2 Bc6 25. Bf4 Nc5 26. Rbd1 Ne6 27. Be3
Bb5 28. Rfe1 Rc4 29. Bxd4 Nxd4 30. Nc3 Qc5 31. Nxb5 Qxb5 32. Qa2 Qb3 33. Qf2
Qxa3 34. Rxd4 Bc5 35. Qe2 Rxd4 36. Qe6+ Kg6 37. h4 Rxh4+ 0-1

[Event "I C.to Italiano U21"]
[Site "Rimini ITA"]
[Date "1993.09.??"]
[Round "5"]
[White "Aldrovandi, Antonio"]
[Black "Redo, Nicola"]
[WhiteElo "2040"]
[BlackElo "2210"]
[Result "1/2-1/2"]
[PlyCount "53"]
[EventDate "1993.09.07"]

1. e4 c5 2. Nf3 d6 3. Bb5+ Bd7 4. Bxd7+ Qxd7 5. d3 g6 6. O-O Bg7 7. c4 Nc6 8.
Nc3 Nf6 9. Re1 O-O 10. h3 Rab8 11. Bg5 h6 12. Be3 e5 13. Nh2 Kh7 14. g4 Ng8 15.
f3 f5 16. Qe2 Bf6 17. Rf1 Nd4 18. Qg2 Bh4 19. Nd5 f4 20. Bxd4 exd4 21. Rfb1 b5
22. b3 Ne7 23. Nxe7 Qxe7 24. Nf1 a6 25. a4 bxc4 26. bxc4 h5 27. Qc2 1/2-1/2

[Event "I C.to Italiano U21"]
[Site "Rimini ITA"]
[Date "1993.09.??"]
[Round "5"]
[White "Avenali, Giuseppe"]
[Black "Vincenzi, Marco"]
[WhiteElo "1723"]
[BlackElo "1615"]
[Result "1/2-1/2"]
[PlyCount "99"]
[EventDate "1993.09.07"]

1. e4 c5 2. Nf3 d6 3. Bb5+ Bd7 4. Bxd7+ Qxd7 5. O-O Nc6 6. c4 Nf6 7. Nc3 e5 8.
d3 Be7 9. Nd5 O-O 10. Bd2 Rab8 11. Qa4 Rfd8 12. Rab1 Nd4 13. Nxe7+ Qxe7 14.
Nxd4 cxd4 15. f4 Qd7 16. Qxa7 Ra8 17. Qb6 Rxa2 18. fxe5 dxe5 19. Bg5 Ra6 20.
Qc5 Qd6 21. Qxd6 Rdxd6 22. Ra1 Rxa1 23. Rxa1 h6 24. Bd2 Ng4 25. h3 Ne3 26. b4
Rg6 27. Bxe3 dxe3 28. Re1 Rd6 29. Rxe3 b5 30. Kf2 Rd4 31. c5 Rxb4 32. Re2 Rd4
33. Ke3 Kf8 34. Rb2 b4 35. c6 Ke7 36. c7 Kd7 37. Rc2 Kc8 38. Rc5 f6 39. Kd2 b3
40. Rb5 Kxc7 41. Rxb3 Ra4 42. Ke3 Ra2 43. Kf3 Rd2 44. g3 Kd6 45. Kg4 g6 46. h4
h5+ 47. Kf3 g5 48. Ke3 Ra2 49. Kf3 Rd2 50. Ke3 1/2-1/2

[Event "I C.to Italiano U21"]
[Site "Rimini ITA"]
[Date "1993.09.??"]
[Round "5"]
[White "Barillaro, Luca"]
[Black "Marcacci, Giorgio"]
[WhiteElo "2265"]
[BlackElo "1900"]
[Result "1/2-1/2"]
[PlyCount "91"]
[EventDate "1993.09.07"]

1. Nf3 d5 2. g3 g6 3. Bg2 Nf6 4. b3 b6 5. Bb2 Bb7 6. O-O Bg7 7. c4 O-O 8. d3 e6
9. Nbd2 Nc6 10. Rc1 Qe7 11. cxd5 Nxd5 12. Bxg7 Kxg7 13. Qc2 Rac8 14. Nc4 Qf6
15. Rfd1 Rfd8 16. a3 a5 17. e4 Nde7 18. e5 Qf5 19. Ne3 Qh5 20. d4 Kg8 21. Nh4
Rxd4 22. f4 Rcd8 23. Bf3 Qh6 24. Qc3 Rxd1+ 25. Rxd1 Rxd1+ 26. Nxd1 Qf8 27. Qd3
Qd8 28. Qxd8+ Nxd8 29. Bxb7 Nxb7 30. Nf3 Nc5 31. Nd4 Kf8 32. Nb2 Ke8 33. Kf2
Kd7 34. b4 axb4 35. axb4 Na6 36. b5 Nb4 37. Nc4 Nc8 38. Ke3 c6 39. bxc6+ Nxc6
40. Nb5 N6e7 41. Kd3 Nf5 42. g4 Nh6 43. h3 Kc6 44. Nd4+ Kc5 45. Nf3 b5 46. Ncd2
1/2-1/2

[Event "I C.to Italiano U21"]
[Site "Rimini ITA"]
[Date "1993.09.??"]
[Round "5"]
[White "Bartolini, Tommaso"]
[Black "Isonzo, David"]
[WhiteElo "2095"]
[BlackElo "1911"]
[Result "1/2-1/2"]
[PlyCount "49"]
[EventDate "1993.09.07"]

1. d4 Nf6 2. Bg5 g6 3. Bxf6 exf6 4. e3 Bg7 5. Ne2 d6 6. Nd2 b6 7. Nf4 f5 8. h4
Bb7 9. h5 Nd7 10. c3 Nf6 11. Bb5+ c6 12. Be2 Qe7 13. hxg6 hxg6 14. Rxh8+ Bxh8
15. Qa4 Kf8 16. Bf3 Ne4 17. Ke2 Bf6 18. Rh1 Kg7 19. Bxe4 fxe4 20. Nf1 Bg5 21.
Nh3 Bh6 22. g3 b5 23. Qa3 Bc8 24. Nd2 Bg4+ 25. Ke1 1/2-1/2

[Event "I C.to Italiano U21"]
[Site "Rimini ITA"]
[Date "1993.09.??"]
[Round "5"]
[White "Cartegni, Emanuele"]
[Black "Buccoliero, Alessandro"]
[WhiteElo "1543"]
[BlackElo "1600"]
[Result "1/2-1/2"]
[PlyCount "48"]
[EventDate "1993.09.07"]

1. e4 e6 2. d4 d5 3. Nc3 dxe4 4. Nxe4 Nd7 5. Nf3 Ngf6 6. Bd3 Nxe4 7. Bxe4 Nf6
8. Qe2 Nxe4 9. Qxe4 Qd5 10. Qxd5 exd5 11. O-O f6 12. Bf4 c6 13. Rfe1+ Kf7 14.
Re3 Bf5 15. c3 Be7 16. h3 Rhe8 17. g4 Be4 18. Nd2 Bg6 19. Rae1 Bf8 20. h4 Rxe3
21. Rxe3 Re8 22. h5 Bc2 23. Kg2 Rxe3 24. fxe3 Ke6 1/2-1/2

[Event "I C.to Italiano U21"]
[Site "Rimini ITA"]
[Date "1993.09.??"]
[Round "5"]
[White "De Palma, Fabrizio"]
[Black "Tencati, Giuseppe"]
[WhiteElo "1818"]
[BlackElo "1735"]
[Result "0-1"]
[PlyCount "46"]
[EventDate "1993.09.07"]

1. e4 e6 2. d4 d5 3. Nc3 Nf6 4. Bg5 Be7 5. e5 Nfd7 6. h4 a6 7. Nf3 c5 8. Be3
Nc6 9. g3 Qc7 10. Bg2 cxd4 11. Bxd4 O-O 12. Ng5 Nxd4 13. Qxd4 Qxe5+ 14. Qxe5
Nxe5 15. O-O-O b5 16. Rhe1 Bf6 17. f4 Nc4 18. f5 Nxb2 19. fxe6 Bxc3 20. exf7+
Kh8 21. Bxd5 Nxd1 22. Re7 Bb4 23. Re8 Bb7 0-1